ロード中...

Annual report 1991-92: all India co-ordinated research project on agroforestry

書誌詳細
フォーマット: Report
出版事項: Vellanikkara Kerala Agricultural University
LEADER 00485nam a22001337a 4500
003 OSt
082 |a IR KAU/AR   |b 1991-92 
245 |a Annual report 1991-92:  |b all India co-ordinated research project on agroforestry 
260 |a Vellanikkara  |b Kerala Agricultural University 
300 |a 40p. 
546 |a English 
942 |2 ddc  |c IR 
999 |c 162960  |d 162960 
952 |0 0  |1 0  |2 ddc  |4 0  |6 IR_KAUAR_199192  |7 1  |8 IR  |9 162076  |a KAUCLV  |b KAUCLV  |c IR  |d 2018-12-15  |o IR KAU/AR 1991-92  |p 800824  |r 2018-12-15  |w 2018-12-15  |y REP